[Event "AUTO-INT-3532"]
[Site "http://www.queenalice.com/game.php?id=1610449"]
[Date "2020.5.2"]
[Round "1"]
[White "drup"]
[Black "superhomem222"]
[Result "1-0"]
[WhiteElo "1652"]
[BlackElo "1289"]

1. d4 d5 2. Bf4 h6 3. Nf3 g5 4. Bg3 f5 5. e3 g4 6. Ne5 Bg7 7. h3 Bxe5 8. Bxe5
Rh7 9. hxg4 fxg4 10. Be2 h5 11. Qd3 a6 12. Qxh7 Kd7 13. Rxh5 Nc6 14. Bxg4+ Ke8
15. Qg6+ 1-0

[Event "AUTO-OPEN-4169"]
[Site "http://www.queenalice.com/game.php?id=1610539"]
[Date "2020.5.2"]
[Round "1"]
[White "CCapivara"]
[Black "superhomem222"]
[Result "1-0"]
[WhiteElo "2141"]
[BlackElo "1413"]

1. e4 e5 2. f4 exf4 3. Nf3 d6 4. Bc4 a6 5. O-O b5 6. Bb3 c5 7. Bd5 Ra7 8. d4 Bg4
9. dxc5 dxc5 10. Bxf4 Rd7 11. Nbd2 f5 12. Bxb8 Qxb8 13. Bc6 Bxf3 14. Nxf3 Kd8
15. Qxd7# 1-0

[Event "AUTO-OPEN-4169"]
[Site "http://www.queenalice.com/game.php?id=1610540"]
[Date "2020.5.2"]
[Round "1"]
[White "superhomem222"]
[Black "CCapivara"]
[Result "0-1"]
[WhiteElo "1441"]
[BlackElo "2093"]

1. e4 d6 2. d4 Nf6 3. Bd3 e5 4. d5 Be7 5. h3 O-O 6. g4 c6 7. Bg5 Nxd5 8. h4 Nb4
9. Bc4 d5 10. exd5 cxd5 11. Bb5 N8c6 12. Bxc6 Nxc6 13. Nc3 Be6 14. f3 h6 15.
Bxe7 Nxe7 16. Qd2 Qb6 17. b3 Rac8 18. a4 Rfd8 19. a5 Qc6 20. Qd3 Qxc3+ 21. Qxc3
Rxc3 22. Kd1 Rdc8 23. Rh2 d4 24. a6 bxa6 25. Rxa6 Bxb3 26. Rxa7 Nd5 27. cxb3
Rc1+ 28. Kd2 R8c2+ 29. Kd3 Rxh2 30. Ne2 Rd1+ 31. Kc2 Ne3+ 32. Kb2 Rxe2+ 33. Ka3
Ra1+ 34. Kb4 Rxa7 35. f4 exf4 36. g5 hxg5 37. hxg5 Rc2 38. g6 Nd5+ 39. Kb5 Rb7+
40. Ka6 Rb6+ 41. Ka7 Ra2# 0-1

[Event "AUTO-OPEN-4169"]
[Site "http://www.queenalice.com/game.php?id=1610561"]
[Date "2020.5.2"]
[Round "1"]
[White "henriq19"]
[Black "superhomem222"]
[Result "1-0"]
[WhiteElo "1871"]
[BlackElo "1442"]

1. d4 d5 2. Bf4 h6 3. Nf3 g5 4. Be5 f6 5. Bg3 Bg7 6. e3 Bg4 7. Be2 h5 8. h3 Be6
9. Nc3 Bh6 10. Qd2 h4 11. Bh2 g4 12. Nxh4 gxh3 13. gxh3 a6 14. O-O-O b5 15. Ng6
Rh7 16. Rhg1 1-0

[Event "AUTO-OPEN-4169"]
[Site "http://www.queenalice.com/game.php?id=1610562"]
[Date "2020.5.2"]
[Round "1"]
[White "superhomem222"]
[Black "henriq19"]
[Result "0-1"]
[WhiteElo "1440"]
[BlackElo "1873"]

1. e4 c5 2. c4 Nc6 3. a3 g6 4. Bd3 Bg7 5. Ra2 Nf6 6. b3 O-O 7. Bb2 d6 8. h3 a6
9. g4 Rb8 10. f4 b5 11. g5 Nh5 12. Bxg7 Nxg7 13. h4 e5 14. fxe5 Nxe5 15. Be2 Bb7
16. d3 Qa5+ 17. Qd2 Qb6 0-1

[Event "AUTO-OPEN-4169"]
[Site "http://www.queenalice.com/game.php?id=1610575"]
[Date "2020.5.2"]
[Round "1"]
[White "superhomem222"]
[Black "Krajnicov"]
[Result "0-1"]
[WhiteElo "1434"]
[BlackElo "1553"]

1. e4 e5 2. a3 Bc5 3. b4 Bb6 4. c4 c5 5. b5 Qh4 6. g3 Qxe4+ 7. Qe2 Qxh1 8. Nf3
d6 9. Bb2 Bg4 10. Nc3 Bxf3 11. Qe3 h5 12. h4 Bg2 13. Qe2 Nf6 14. O-O-O Qh2 15.
Bxg2 Qxg2 16. Nd5 Ng4 17. Rf1 e4 18. Bxg7 Rg8 19. Bc3 e3 20. dxe3 Nxe3 21. Nxe3
Qe4 22. Qxh5 Qd3 23. Kb2 Nd7 24. Re1 O-O-O 25. Qxf7 Rgf8 26. Rd1 Qe2+ 27. Kc1
Rxf7 28. Be1 Ne5 29. Rd2 Qxe1+ 30. Kc2 Ba5 31. Rd1 Rxf2+ 32. Kc1 Qxe3+ 33. Rd2
Qxd2+ 34. Kb1 Rf1# 0-1

[Event "AUTO-OPEN-4172"]
[Site "http://www.queenalice.com/game.php?id=1611614"]
[Date "2020.5.10"]
[Round "1"]
[White "superhomem222"]
[Black "mike52"]
[Result "0-1"]
[WhiteElo "1255"]
[BlackElo "1567"]

1. e3 e5 2. d3 d5 3. a3 Be7 4. h3 Bd7 5. Be2 a6 6. Nf3 Bd6 7. O-O Nf6 8. d4 e4
9. Ne5 Bxe5 10. dxe5 Ng8 0-1

[Event "AUTO-OPEN-4172"]
[Site "http://www.queenalice.com/game.php?id=1611615"]
[Date "2020.5.10"]
[Round "1"]
[White "mike52"]
[Black "superhomem222"]
[Result "1-0"]
[WhiteElo "1563"]
[BlackElo "1259"]

1. e4 e6 2. d4 d6 3. Bd3 h5 4. h3 g5 5. Be3 Bg7 6. Qd2 Ne7 7. Bxg5 f6 8. Be3 e5
9. d5 O-O 10. Nc3 a6 11. Nf3 1-0

[Event "AUTO-INT-3536"]
[Site "http://www.queenalice.com/game.php?id=1611654"]
[Date "2020.5.10"]
[Round "1"]
[White "nuage"]
[Black "superhomem222"]
[Result "1-0"]
[WhiteElo "1589"]
[BlackElo "1321"]

1. Nf3 e6 2. d3 d5 3. g3 h6 4. Bg2 Bd6 5. O-O g5 6. Nbd2 e5 7. e4 d4 8. Nc4 Bc5
9. Ncxe5 f6 10. Ng6 Rh7 11. e5 Bg4 12. h3 Bxf3 13. Bxf3 1-0

[Event "AUTO-INT-3536"]
[Site "http://www.queenalice.com/game.php?id=1611655"]
[Date "2020.5.10"]
[Round "1"]
[White "superhomem222"]
[Black "nuage"]
[Result "0-1"]
[WhiteElo "1327"]
[BlackElo "1583"]

1. e3 d6 2. d4 Nf6 3. g3 g6 4. b3 Bg7 5. h3 O-O 6. Bd3 Nc6 7. a4 Nd5 8. Ba3 e5
9. c4 Nf6 10. d5 Ne7 11. Nf3 c6 12. dxc6 Nxc6 0-1

[Event "AUTO-INT-3536"]
[Site "http://www.queenalice.com/game.php?id=1611670"]
[Date "2020.5.10"]
[Round "1"]
[White "ungern"]
[Black "superhomem222"]
[Result "1-0"]
[WhiteElo "1610"]
[BlackElo "1421"]

1. e4 e5 2. Nc3 d6 3. d3 Be6 4. f4 Qh4+ 5. g3 Qf6 6. Be3 exf4 7. Bxf4 h5 8. Nf3
g5 9. Be3 g4 10. Nd4 Nd7 11. Nxe6 1-0

[Event "AUTO-INT-3536"]
[Site "http://www.queenalice.com/game.php?id=1611671"]
[Date "2020.5.10"]
[Round "1"]
[White "superhomem222"]
[Black "ungern"]
[Result "0-1"]
[WhiteElo "1430"]
[BlackElo "1601"]

1. e4 e6 2. d4 d5 3. e5 Nc6 4. c3 Nge7 5. Bb5 a6 6. Bxc6+ Nxc6 7. Ne2 Be7 8. a3
O-O 9. b4 b5 10. O-O Bg5 0-1

[Event "AUTO-INT-3536"]
[Site "http://www.queenalice.com/game.php?id=1611682"]
[Date "2020.5.10"]
[Round "1"]
[White "superhomem222"]
[Black "sylvainl1855"]
[Result "0-1"]
[WhiteElo "1363"]
[BlackElo "1435"]

1. e3 e6 2. d4 b6 3. b3 d6 4. Bb2 h5 5. Bd3 c5 6. dxc5 bxc5 7. c4 d5 8. Qc2 dxc4
9. Qxc4 Ba6 10. Qe4 Bb7 0-1

[Event "AUTO-INT-3536"]
[Site "http://www.queenalice.com/game.php?id=1611683"]
[Date "2020.5.10"]
[Round "1"]
[White "sylvainl1855"]
[Black "superhomem222"]
[Result "1-0"]
[WhiteElo "1448"]
[BlackElo "1350"]

1. e3 e6 2. d4 d5 3. f3 g6 4. e4 dxe4 5. fxe4 Bg7 6. d5 e5 7. Bb5+ Bd7 8. Bxd7+
Qxd7 9. Nf3 Na6 10. Bd2 Bf6 11. Bg5 1-0